000 00508nam a2200181Ia 4500
005 20250326123438.0
008 250326s9999 xx 000 0 und d
037 _aTextbook
040 _aFMSL
_beng
_cFMSL
041 _aeng
_2eng
084 _aX8(A).1(Y:4) Mo
_qFMSL
100 _aJain O P
245 0 _aIndustrialisation in the third world
_cJain O P
260 _aNew Delhi
_bNew Delhi, Commercial
_c1980
300 _a311p
942 _cTB
_hX8(A).1(Y:4) Mo
999 _c1269396
_d1269396